Ma lực tình yêu

में बचाया:
ग्रंथसूची विवरण
मुख्य लेखक: Lindsey, Johanna
स्वरूप: पुस्तक
भाषा:Undetermined
प्रकाशित: Hà Nội Văn học 2012
विषय:
टैग : टैग जोड़ें
कोई टैग नहीं, इस रिकॉर्ड को टैग करने वाले पहले व्यक्ति बनें!
Thư viện lưu trữ: Trung tâm Học liệu Trường Đại học Cần Thơ
LEADER 00531nam a2200193Ia 4500
001 CTU_180836
008 210402s9999 xx 000 0 und d
020 |c 88000 
082 |a 813.54 
082 |b L752 
100 |a Lindsey, Johanna 
245 0 |a Ma lực tình yêu 
245 0 |c Johanna Lindsey; Daisy Chrys-Wivy 
260 |a Hà Nội 
260 |b Văn học 
260 |c 2012 
650 |a Love stories,Tiểu thuyết Mỹ 
910 |a Nguyên 
980 |a Trung tâm Học liệu Trường Đại học Cần Thơ